Statistics for Plovdiv Airport Destinations (Plovdiv, Bulgaria)

Click here to take the quiz!

General Stats

  • This quiz has been taken 9 times
  • The average score is 6 of 13

Answer Stats

AirlineDestination% Correct
Pegasus AirlinesIstanbul (Sabiha Gokcen)
100%
Wizz AirLondon (Luton)
100%
RyanairLondon (Stansted)
100%
SunExpressIzmir
89%
BH Air/European Air Charter/SunExpressAntalya
67%
Jet2.comBelfast (International)
44%
ArkiaTel Aviv
44%
European Air CharterBodrum
22%
RyanairDublin
22%
Wizz AirMemmingen
22%
European Air CharterDjerba
0%
European Air CharterEnfidha
0%
European Air CharterHurghada
0%

Score Distribution

Percentile by Number Answered

Percent of People with Each Score

Your Score History

You have not taken this quiz